Countries having all neighbours in Fifa World Cup 2026 - Statistics

General Stats
  • This quiz has been taken 74 times
  • The average score is 4 of 8
Answer Stats
Country % Correct
United States
91%
Uruguay
65%
Netherlands
55%
Denmark
47%
Liechtenstein
44%
Luxembourg
44%
Andorra
41%
Kuwait
23%
No matching quizzes found
Score Distribution
Percent of People with Each Score
Percentile by Number Answered
Your Score History
You have not taken this quiz